Dark sisters / Kristi DeMeester.
Available copies
- 2 of 2 copies available at LARL/NWRL Consortium.
- 2 of 2 copies available at Lake Agassiz Regional Library. (Show preferred library)
Current holds
0 current holds with 2 total copies.
Show Only Available Copies
| Location | Call Number / Copy Notes | Barcode | Shelving Location | Status | Due Date |
|---|---|---|---|---|---|
| Hawley Public Library | DEM (Text) | 33500014339626 | New | Available | - |
| Moorhead Public Library | DEM (Text) | 33500014339618 | New | Available | - |
Record details
- ISBN: 9781250286819
- ISBN: 1250286816
- Physical Description: 326 pages ; 25 cm.
- Edition: First edition.
- Publisher: New York, NY : St. Martin's Press, 2025.
- Copyright: ©2025
Content descriptions
| Summary, etc.: | Spanning three centuries, this novel follows three ... Read More |
Search for related items by subject
| Genre: | Horror fiction. Historical fiction. Queer fiction. Psychological fiction. Thrillers (Fiction) Novels. Fiction. |
| LDR | 04250cam a22009258i 4500 | ||
|---|---|---|---|
| 001 | 480363 | ||
| 003 | LARL_NWRL_CONSORTIUM | ||
| 005 | 20260219201823.0 | ||
| 008 | 250721t20252025nyu e 000 1 eng | ||
| 010 | . | ‡a 2025021077 | |
| 040 | . | ‡aDLC ‡beng ‡erda ‡cDLC ‡dOCLCO ‡dIG# ‡dLIV ‡dCCPLG ‡dOCLCO ‡dRNL ‡dOCLCO ‡dMWD ‡dIMT ‡dOCO ‡dOCLCO ‡dMDB ‡dOCLCO ‡dSDD | |
| 020 | . | ‡a9781250286819 ‡q(hardback) | |
| 020 | . | ‡a1250286816 ‡q(hardback) | |
| 020 | . | ‡z9781250286826 ‡q(ebook) | |
| 035 | . | ‡a(OCoLC)1478325318 | |
| 042 | . | ‡apcc | |
| 082 | 0 | 4. | ‡a813/.6 ‡223/eng/20260102 |
| 100 | 1 | . | ‡aDeMeester, Kristi, ‡eauthor. ‡4aut ‡4http://id.loc.gov/vocabulary/relators/aut ‡1https://id.oclc.org/worldcat/entity/E39PBJckMfkqCvHFW8XKbPt9Xd ‡1http://id.loc.gov/rwo/agents/no2017109378 |
| 245 | 1 | 0. | ‡aDark sisters / ‡cKristi DeMeester. |
| 250 | . | ‡aFirst edition. | |
| 264 | 1. | ‡aNew York, NY : ‡bSt. Martin's Press, ‡c2025. | |
| 264 | 4. | ‡c©2025 | |
| 300 | . | ‡a326 pages ; ‡c25 cm. | |
| 334 | . | ‡asingle unit ‡bmono ‡0http://id.loc.gov/vocabulary/issuance/mono | |
| 336 | . | ‡atext ‡btxt ‡2rdacontent ‡0http://id.loc.gov/vocabulary/contentTypes/txt | |
| 337 | . | ‡aunmediated ‡bn ‡2rdamedia ‡0http://id.loc.gov/vocabulary/mediaTypes/n | |
| 338 | . | ‡avolume ‡bnc ‡2rdacarrier ‡0http://id.loc.gov/vocabulary/carriers/nc | |
| 520 | . | ‡aSpanning three centuries, this novel follows three women whose lives are connected by a supernatural curse. Anne Bolton, a healer accused of witchcraft, makes a dark bargain for protection; Mary Shephard struggles with forbidden love in a restrictive community; and Camilla Burson challenges societal expectations while confronting an ancient power. Through their intertwined stories, the novel explores themes of love, family, persecution, and generational legacy, blending historical fiction with horror and the supernatural. | |
| 650 | 0. | ‡aBlessing and cursing ‡vFiction. ‡0(LARL_NWRL_CONSORTIUM)163718 | |
| 650 | 0. | ‡aWitchcraft ‡vFiction. ‡0(LARL_NWRL_CONSORTIUM)176291 | |
| 650 | 0. | ‡aWomen ‡vFiction. | |
| 650 | 0. | ‡aWomen healers ‡vFiction. | |
| 650 | 0. | ‡aSex role ‡vFiction. ‡0(LARL_NWRL_CONSORTIUM)167331 | |
| 650 | 0. | ‡aPatriarchy ‡vFiction. | |
| 650 | 0. | ‡aLesbians ‡vFiction. ‡0(LARL_NWRL_CONSORTIUM)165925 | |
| 650 | 0. | ‡aCults ‡vFiction. ‡0(LARL_NWRL_CONSORTIUM)164393 | |
| 650 | 0. | ‡aRevenge ‡vFiction. ‡0(LARL_NWRL_CONSORTIUM)167017 | |
| 650 | 0. | ‡aSupernatural ‡vFiction. ‡0(LARL_NWRL_CONSORTIUM)167353 | |
| 650 | 0. | ‡aHistorical fiction, American. ‡0(LARL_NWRL_CONSORTIUM)22199 | |
| 650 | 0. | ‡aHorror tales, American. ‡0(LARL_NWRL_CONSORTIUM)22376 | |
| 650 | 0. | ‡aPsychlogical fiction, American. | |
| 650 | 0. | ‡aSuspense fiction, American. ‡0(LARL_NWRL_CONSORTIUM)162021 | |
| 650 | 7. | ‡aFICTION / Horror / Occult & Supernatural. ‡2bisacsh | |
| 650 | 7. | ‡aFICTION / Women. ‡2bisacsh | |
| 650 | 7. | ‡aFICTION / Thrillers / Psychological. ‡2bisacsh | |
| 650 | 7. | ‡aBlessing and cursing ‡vFiction. ‡2sears ‡0(LARL_NWRL_CONSORTIUM)163718 | |
| 650 | 7. | ‡aGood and evil ‡vFiction. ‡2sears ‡0(LARL_NWRL_CONSORTIUM)165509 | |
| 650 | 7. | ‡aMisogyny ‡vFiction. ‡2sears | |
| 650 | 7. | ‡aFathers ‡vFiction. ‡2sears ‡0(LARL_NWRL_CONSORTIUM)169375 | |
| 650 | 7. | ‡aWitches ‡vFiction. ‡2sears ‡0(LARL_NWRL_CONSORTIUM)168002 | |
| 650 | 7. | ‡aRevenge ‡vFiction. ‡2sears ‡0(LARL_NWRL_CONSORTIUM)167017 | |
| 650 | 7. | ‡aLesbians ‡vFiction. ‡2sears ‡0(LARL_NWRL_CONSORTIUM)165925 | |
| 650 | 7. | ‡aCults ‡vFiction. ‡2sears ‡0(LARL_NWRL_CONSORTIUM)164393 | |
| 655 | 7. | ‡aHorror fiction. ‡2lcgft | |
| 655 | 7. | ‡aHistorical fiction. ‡2lcgft | |
| 655 | 7. | ‡aQueer fiction. ‡2lcgft | |
| 655 | 7. | ‡aPsychological fiction. ‡2lcgft | |
| 655 | 7. | ‡aThrillers (Fiction) ‡2lcgft | |
| 655 | 7. | ‡aNovels. ‡2lcgft | |
| 655 | 7. | ‡aFiction. ‡2lcgft | |
| 758 | . | ‡1http://id.loc.gov/resources/instances/in00024284742 | |
| 758 | . | ‡4http://id.loc.gov/ontologies/bibframe/instanceOf ‡1http://id.loc.gov/resources/works/in00024284742 | |
| 884 | . | ‡aDLC bibframe2marc v2.10 ‡g20250722 ‡qDLC ‡uhttps://github.com/lcnetdev/bibframe2marc/releases/tag/v2.10 | |
| 905 | . | ‡uvanderl | |
| 901 | . | ‡a480363 ‡bAUTOGEN ‡c480363 ‡tbiblio ‡soclc | |

Add to basket
Permalink
Disable Highlighting